[Event "Stay Safe Play From Home 242"]
[Site "Emanuel Lasker Arena"]
[Date "2020.06.21"]
[Round "5"]
[White "Broken sword"]
[Black "Don59as"]
[Result "1-0"]
[WhiteElo "2388"]
[BlackElo "2052"]
[Annotator "NA RC"]
[PlyCount "79"]
[EventDate "2020.06.21"]
[EventType "swiss (blitz)"]

1. d4 {[%emt 0:00:03]} f5 {[%emt 0:00:01]} 2. Nf3 {[%emt 0:00:01]} Nf6 {[%emt 0:00:01]} 3. c3 {[%emt 0:00:00]} g6 {[%emt 0:00:01]} 4. Bg5 {[%emt 0:00:00]} Bg7 {[%emt 0:00:01]} 5. Nbd2 {[%emt 0:00:00]} O-O {[%emt 0:00:01]} 6. e3 {[%emt 0:00:00]} d5 {[%emt 0:00:01]} 7. Bd3 {[%emt 0:00:01]} Ne4 {[%emt 0:00:01]} 8. h4 {[%emt 0:00:01]} Nd7 {[%emt 0:00:01]} 9. Bf4 {[%emt 0:00:02]} h6 {[%emt 0:00:01]} 10. Qe2 {[%emt 0:00:01]} c6 {[%emt 0:00:02]} 11. a4 {[%emt 0:00:01]} e6 {[%emt 0:00:01]} 12. a5 {[%emt 0:00:01]} a6 {[%emt 0:00:03]} 13. g3 {[%emt 0:00:01]} c5 {[%emt 0:00:01]} 14. Bc2 {[%emt 0:00:02]} cxd4 {[%emt 0:00:02]} 15. exd4 {[%emt 0:00:00]} Qe7 {[%emt 0:00:02]} 16. Bd3 {[%emt 0:00:03]} e5 {[%emt 0:00:01]} 17. dxe5 {[%emt 0:00:01]} Nxe5 {[%emt 0:00:01]} 18. Nxe5 {[%emt 0:00:00]} Bxe5 {[%emt 0:00:01]} 19. Bxe5 {[%emt 0:00:01]} Qxe5 {[%emt 0:00:01]} 20. Nf3 {[%emt 0:00:00]} Qf6 {[%emt 0:00:02]} 21. Qe3 {[%emt 0:00:02]} Nxc3 {[%emt 0:00:03]} 22. bxc3 {[%emt 0:00:02]} Qxc3+ {[%emt 0:00:01]} 23. Ke2 {[%emt 0:00:00]} Bd7 {[%emt 0:00:03]} 24. Rhc1 {[%emt 0:00:01]} Qb2+ {[%emt 0:00:03]} 25. Qd2 {[%emt 0:00:01]} Rfe8+ {[%emt 0:00:01]} 26. Kf1 {[%emt 0:00:00]} Qg7 {[%emt 0:00:02]} 27. Rc7 {[%emt 0:00:01]} Rac8 {[%emt 0:00:01]} 28. Rac1 {[%emt 0:00:02]} Bc6 {[%emt 0:00:03]} 29. Rxg7+ {[%emt 0:00:02]} Kxg7 {[%emt 0:00:00]} 30. Nd4 {[%emt 0:00:02]} Re7 {[%emt 0:00:05]} 31. Bxa6 {[%emt 0:00:01]} Rce8 {[%emt 0:00:01]} 32. Bd3 {[%emt 0:00:02]} Bd7 {[%emt 0:00:02]} 33. Kg2 {[%emt 0:00:02]} Kf6 {[%emt 0:00:01]} 34. a6 {[%emt 0:00:02]} bxa6 {[%emt 0:00:02]} 35. Bxa6 {[%emt 0:00:00]} g5 {[%emt 0:00:00]} 36. hxg5+ {[%emt 0:00:01]} hxg5 {[%emt 0:00:00]} 37. Bd3 {[%emt 0:00:01]} f4 {[%emt 0:00:02]} 38. Rh1 {[%emt 0:00:01]} fxg3 {[%emt 0:00:03]} 39. fxg3 {[%emt 0:00:01]} Bf5 {[%emt 0:00:01]} 40. Nxf5 {[%emt 0:00:02] Time} 1-0

[Event "Stay Safe Play From Home 242"]
[Site "Emanuel Lasker Arena"]
[Date "2020.06.21"]
[Round "5"]
[White "Mepe_Nika"]
[Black "Mehrdadahouran"]
[Result "1-0"]
[WhiteElo "2359"]
[BlackElo "1819"]
[Annotator "TA"]
[PlyCount "73"]
[EventDate "2020.06.21"]
[EventType "swiss (blitz)"]

{[%evp 11,72,30,25,22,252,244,243,30,37,23,28,6,37,27,33,37,70,55,56,58,130,130,205,206,206,205,226,215,308,204,201,200,250,229,233,8,195,202,216,191,206,174,192,34,197,197,197,190,291,110,125,0,156,98,139,17,204,12,29997,29998,29999,29999,29999]} 1. d4 Nf6 2. Bf4 e6 3. e3 d5 4. c4 c6 5. Nc3 Be7 6. Nf3 Nh5 7. Be5 {D37: Queen's Gambit Declined: 5 Bf4.} f6 $2 {[#]} (7... Nd7 $11) 8. Bxb8 $1 $18 Rxb8 {[#]} 9. Qc2 $146 (9. g4 $18) ({Predecessor:} 9. g4) 9... f5 $11 10. Ne5 Nf6 11. Be2 a6 12. O-O $36 {[%mdl 2048] White has some pressure.} O-O 13. c5 Ne4 14. b4 Nxc3 15. Qxc3 f4 (15... Bf6 $14) 16. a4 $16 Bf6 (16... fxe3 $16 17. Qxe3 (17. fxe3 Bf6 $16) 17... Ra8) 17. exf4 $18 Bxe5 18. fxe5 Rf4 19. b5 Bd7 (19... axb5 {was called for.} 20. axb5 Bd7) 20. Rab1 axb5 21. axb5 Qg5 22. bxc6 Bxc6 23. Qg3 $2 (23. Qe3 $18) 23... Qf5 $2 (23... Qxg3 $11 {and Black has nothing to worry.} 24. fxg3 Rxd4) 24. Bd3 Qf7 25. Rb4 Rf8 26. f3 g6 27. Bb5 $2 (27. Ra1 $18) 27... Qc7 $2 (27... Bxb5 $14 28. Rxb5 Rxd4) 28. Bxc6 bxc6 29. Rfb1 Qa7 (29... Qa5 $142 30. Qh3 R4f5) 30. h4 $2 (30. Qh3 $18 {is more deadly. aiming for Rb7.} Qa6 31. Qxe6+ (31. Rb7 R8f7 $18) 31... Kg7 32. Re1) 30... Qa3 $16 31. R4b3 (31. Qf2 $16) 31... Qa5 $2 (31... Qa4 $1 $11) 32. h5 (32. Qf2 $142) 32... Qd2 {[#]} 33. hxg6 (33. Qf2 $1 $16 {[%cal Rf2d2]} Qxd4 34. Qxd4 Rxd4 35. Rb7) 33... h5 $2 (33... Qxd4+ $11 34. Qf2 Qxe5) 34. g7 $2 ({White should try} 34. Rb4 $18 Rxd4 35. Rb8 Rxb8 36. Rxb8+ Kg7 37. Rb7+ Kg8 38. g7) 34... R8f7 $2 {[%mdl 8192]} (34... Qxd4+ $11 35. Kf1 Qc4+ 36. Kf2 (36. Ke1 Re4+ 37. Kf2 Qxc5+ 38. Kf1 Qc4+ 39. Kg1 Qd4+ {[%mdl 64] Double Attack} 40. Kf1 Qc4+ 41. Kg1 Qd4+ {[%mdl 64] Double Attack} 42. Kf1 Qc4+ $11) 36... Qd4+ {[%mdl 64] Double Attack} 37. Ke2 (37. Kf1 Qc4+ 38. Kf2 Qd4+ {[%mdl 64] Double Attack} 39. Ke2 Qxe5+ 40. Re3 Qxg7 $11) 37... Qxe5+ 38. Re3 Qxg7 39. Qxg7+ Kxg7) 35. Rb8+ {White mates.} Kh7 36. g8=Q+ Kh6 37. Q8g6# {Accuracy: White = 37%, Black = 32%.} 1-0

[Event "Stay Safe Play From Home 242"]
[Site "Emanuel Lasker Arena"]
[Date "2020.06.21"]
[Round "5"]
[White "Bardellosport"]
[Black "SoulofWolf"]
[Result "0-1"]
[WhiteElo "2033"]
[BlackElo "2106"]
[Annotator "TA"]
[PlyCount "172"]
[EventDate "2020.06.21"]
[EventType "swiss (blitz)"]

{[%evp 9,172,41,42,9,31,25,57,4,70,33,39,29,66,25,25,18,31,-178,-78,-92,-72,-235,220,222,447,443,438,441,482,410,466,465,548,-465,-454,-1472,-477,-429,-358,-345,-304,-29982,-374,-2048,-616,-609,-606,-530,-510,-516,-349,-350,-283,-323,-316,-312,-293,-723,-250,-250,-250,-254,-250,-509,-501,-598,-585,-611,-608,-605,-512,-29987,-623,-603,-613,-640,-632,-612,-599,-745,-572,-1132,-747,-735,-722,-829,-814,-840,-721,-941,-922,-862,-721,-716,-705,-721,206,214,213,216,232,231,222,0,395,243,369,0,5277,1448,29969,29969,29969,29968,29978,29980,29979,29979,29981,29982,29984,29985,29988,-29986,-29987,-29990,-29991,-29991,-29992,-29992,-29993,-29994,-29993,-29998,-29993,-29997,-29995,-29995,-29993,-29993,-29993,-29994,-29995,-29995,-29996,-29997,-29995,-29995,-29994,-29997,-29995,-29996,-29995,-29996,-29996,-29996,-29995,-29996,-29996,-29996,-29996,-29997,-29997,-29998,-29996]} 1. g3 d6 2. Bg2 f6 ({Predecessor:} 2... g6 3. c4 e5 4. d4 Bg7 5. dxe5 dxe5 6. Qxd8+ Kxd8 7. Nc3 c6 8. Nf3 Be6 9. Ng5 Bxc4 10. b3 Be6 11. Nxe6+ fxe6 12. Ne4 Nd7 {1-0 (51) Savchenko,B (2612)-Bortnyk,O (2552) Minsk 2015}) 3. d3 Nh6 4. Nd2 Nf7 5. e4 g6 6. Qe2 {A00: Irregular Openings.} Bg7 7. f4 O-O 8. Ngf3 (8. Nc4 $14) 8... Nd7 (8... e5 $11) 9. O-O c5 10. c3 b6 11. d4 cxd4 12. cxd4 a5 13. e5 $2 (13. Re1 $14 {keeps the upper hand.}) 13... dxe5 (13... Ba6 $19 {and Black stays clearly on top.} 14. Qe3 Bxf1 15. exd6 exd6 16. Nxf1 f5) 14. fxe5 $17 {And now e6 would win.} fxe5 {Threatens to win with ...Ba6.} 15. dxe5 $2 (15. Nc4 $17) 15... Ndxe5 $4 {[%mdl 8192]} (15... Ba6 $19 16. Nc4 Nfxe5 $1 {[%mdl 512]} 17. Nfxe5 Nxe5 {[%mdl 64] Pin} 18. Rxf8+ Qxf8) 16. Nxe5 $18 Nxe5 $2 (16... Qd4+ {was worth a try.} 17. Kh1 Ba6) 17. Bxa8 Bg4 18. Rxf8+ Kxf8 19. Qf2+ Ke8 20. Bg2 Nd3 21. Qe3 $4 {[%mdl 8192]} (21. Bc6+ $18 {was the only winning move.} Bd7 22. Qf3) 21... Bd4 $1 $19 {[%cal Rd4e3]} 22. Nf3 (22. Bc6+ $142 Kf8 23. Nb3 Bxe3+ 24. Bxe3) 22... Bxe3+ (22... Bxf3 $142 23. Bd2 Bxe3+ 24. Bxe3 Bxg2 25. Kxg2 Qd5+ 26. Kg1 Qe5 $1 {[%mdl 576] Double Attack}) 23. Bxe3 Bxf3 24. Bxf3 {Black should prevent Rd1.} Ne5 25. Rd1 $2 (25. Be2 $19) 25... Qc7 $2 (25... Nxf3+ {mates} 26. Kf2 Qxd1 27. h3 Nd4 28. Bxd4 Qxd4+ {[%mdl 64] Double Attack} 29. Kf3 Qxb2 30. Ke3 Qxa2 31. h4 Qb3+ 32. Kd4 a4 33. Ke4 a3 34. h5 a2 35. hxg6 a1=Q 36. gxh7 Qaa4+ 37. Kf5 {[#]} Qe6+ $1 {[%mdl 576] Deflection, Decoy} 38. Kxe6 Qe4#) 26. Bf4 $2 (26. Be2) 26... Qc5+ (26... Nxf3+ $142 27. Kg2 Qc2+ {[%mdl 64] Double Attack} 28. Kxf3 Qxd1+ 29. Kf2 Qb1) 27. Kg2 {intending Rd5.} Nxf3 28. Kxf3 {[%mdl 4096] Endgame KQ-KRB} Qc6+ 29. Kf2 Qc2+ 30. Rd2 Qe4 31. Re2 Qd4+ 32. Be3 Qf6+ 33. Bf4 $2 (33. Ke1) 33... Qc6 $2 (33... g5 34. Kf3 gxf4 35. gxf4 Qc6+ 36. Re4 Qd7) 34. h4 Kf7 35. Re3 Qc5 36. Ke2 $2 (36. Be5) 36... Qc4+ 37. Kf2 Qxa2 38. Re2 Qc4 39. Be3 Qb5 40. Kg2 (40. Bd4 $19) 40... e6 (40... Qxe2+ $142 41. Bf2 a4 42. g4 Qxb2 43. Kg3 a3 44. Bxb6 Qxb6 45. Kf3 Qb3+ 46. Kf4 a2 47. h5 a1=Q 48. hxg6+ hxg6 49. Kg5 Qe3+ 50. Kh4 Qh8#) 41. Rf2+ Ke7 42. Bg5+ Kd7 43. Rd2+ Kc6 44. Bd8 Qb3 45. Rf2 Qe3 46. Bg5 Qe4+ 47. Kh3 b5 48. Rd2 Kc5 49. Bf4 Kb4 50. Rf2 Qf5+ 51. Kg2 Qc5 52. Rf3 a4 $4 {[%mdl 8192]} (52... Qd5 $19 {and life is good for Black.} 53. Bg5 a4) 53. Bd2+ $18 Kc4 54. Rc3+ {[%mdl 64] Skewer} Kd5 55. Rxc5+ Kxc5 {KB-KP} 56. Bc3 $2 ({White should play} 56. Kf3 $18) 56... Kc4 $2 {[%mdl 8192]} (56... b4 $11 57. Bg7 Kd5) 57. Bf6 b4 (57... Kd5 $142 58. Kf3 b4) 58. g4 $2 (58. Kf3 $18 {Black must now prevent Be7.} Kd5 59. Ke3) 58... a3 $2 {[%mdl 8192]} (58... Kd5 $11) 59. bxa3 bxa3 60. Kf3 Kd5 61. Kf4 e5+ 62. Bxe5 {KB-K3P} Ke6 63. Ba1 Kd5 64. Kg5 Ke6 65. Kh6 g5 66. Kxh7 $4 {[%mdl 8192]} (66. hxg5 {avoids the disaster.} Kd5 67. Kxh7 Ke4 68. g6 Kf4 69. g7 Kxg4 70. g8=Q+ Kf4 71. Qb3) 66... gxh4 {KB-KPP. Black mates.} 67. g5 h3 68. g6 h2 69. g7 h1=Q+ {[%mdl 64] Double Attack} 70. Kg8 {[#]} Qg2 $1 71. Bf6 {[#]} Qg6 $1 72. Be7 Qf7+ 73. Kh8 Kxe7 74. g8=Q Qxg8+ 75. Kxg8 {KP-K} a2 76. Kg7 a1=Q+ 77. Kh6 Qb2 78. Kg5 Qb3 79. Kh6 Kd6 80. Kh7 Qc4 81. Kh8 Qd5 82. Kg7 Qe4 83. Kh8 Ke5 84. Kg7 Qf3 85. Kh8 Qg3 86. Kh7 Qh3+ {A wild game. Accuracy: White = 39%, Black = 44%.} 0-1

[Event "Stay Safe Play From Home 242"]
[Site "Emanuel Lasker Arena"]
[Date "2020.06.21"]
[Round "5"]
[White "GIULIO19031975"]
[Black "Chase the sun"]
[Result "1-0"]
[WhiteElo "1774"]
[BlackElo "1860"]
[Annotator "NA RC"]
[PlyCount "85"]
[EventDate "2020.06.21"]
[EventType "swiss (blitz)"]

1. e4 {[%emt 0:00:01]} e6 {[%emt 0:00:01]} 2. Nf3 {[%emt 0:00:01]} d5 {[%emt 0:00:00]} 3. exd5 {[%emt 0:00:01]} exd5 {[%emt 0:00:00]} 4. d4 {[%emt 0:00:00]} Bg4 {[%emt 0:00:00]} 5. Be2 {[%emt 0:00:00]} Bd6 {[%emt 0:00:02]} 6. c3 {[%emt 0:00:00]} Ne7 {[%emt 0:00:01]} 7. Be3 {[%emt 0:00:01]} c6 {[%emt 0:00:01]} 8. Qd2 {[%emt 0:00:00]} O-O {[%emt 0:00:02]} 9. h3 {[%emt 0:00:00]} Bh5 {[%emt 0:00:01]} 10. g4 {[%emt 0:00:01]} Bg6 {[%emt 0:00:01]} 11. h4 {[%emt 0:00:00]} f5 {[%emt 0:00:01]} 12. h5 {[%emt 0:00:00]} fxg4 {[%emt 0:00:02]} 13. hxg6 {[%emt 0:00:01]} gxf3 {[%emt 0:00:01]} 14. gxh7+ {[%emt 0:00:00]} Kh8 {[%emt 0:00:01]} 15. Bd3 {[%emt 0:00:01]} Nf5 {[%emt 0:00:04]} 16. Qc1 {[%emt 0:00:01]} Re8 {[%emt 0:00:02]} 17. Nd2 {[%emt 0:00:01]} Nxe3 {[%emt 0:00:01]} 18. fxe3 {[%emt 0:00:01]} Rxe3+ {[%emt 0:00:01]} 19. Kf2 {[%emt 0:00:01]} Rxd3 {[%emt 0:00:01]} 20. Qe1 {[%emt 0:00:02]} Qe7 {[%emt 0:00:08]} 21. Qxe7 {[%emt 0:00:02]} Bxe7 {[%emt 0:00:00]} 22. Rae1 {[%emt 0:00:01]} Rxd2+ {[%emt 0:00:01]} 23. Kxf3 {[%emt 0:00:01]} Nd7 {[%emt 0:00:08]} 24. Rxe7 {[%emt 0:00:01]} Nf6 {[%emt 0:00:00]} 25. Rxb7 {[%emt 0:00:01]} Rf8 {[%emt 0:00:02]} 26. Ke3 {[%emt 0:00:02]} Rg2 {[%emt 0:00:03]} 27. Rf1 {[%emt 0:00:02]} Nxh7 {[%emt 0:00:03]} 28. Rxf8+ {[%emt 0:00:02]} Nxf8 {[%emt 0:00:00]} 29. Rxa7 {[%emt 0:00:01]} Rxb2 {[%emt 0:00:02]} 30. Rc7 {[%emt 0:00:01]} Rxa2 {[%emt 0:00:01]} 31. Rxc6 {[%emt 0:00:00]} Kh7 {[%emt 0:00:02]} 32. Rc5 {[%emt 0:00:01]} g5 {[%emt 0:00:01]} 33. Rxd5 {[%emt 0:00:01]} Ng6 {[%emt 0:00:01]} 34. Rxg5 {[%emt 0:00:01]} Kh6 {[%emt 0:00:00]} 35. Re5 {[%emt 0:00:02]} Nxe5 {[%emt 0:00:01]} 36. dxe5 {[%emt 0:00:01]} Kg7 {[%emt 0:00:00]} 37. Kd4 {[%emt 0:00:01]} Kf7 {[%emt 0:00:00]} 38. c4 {[%emt 0:00:00]} Ke6 {[%emt 0:00:00]} 39. c5 {[%emt 0:00:01]} Re2 {[%emt 0:00:01]} 40. Kc4 {[%emt 0:00:01]} Rxe5 {[%emt 0:00:00]} 41. c6 {[%emt 0:00:00]} Rd5 {[%emt 0:00:00]} 42. c7 {[%emt 0:00:01]} Rd8 {[%emt 0:00:00]} 43. cxd8=Q {[%emt 0:00:01] Zeit Chase the sun gibt auf (Lag: Av=0.50s, max=0.8s)} 1-0

[Event "Stay Safe Play From Home 242"]
[Site "Emanuel Lasker Arena"]
[Date "2020.06.21"]
[Round "5"]
[White "Tvtower68"]
[Black "Konmos"]
[Result "1-0"]
[WhiteElo "1758"]
[BlackElo "1740"]
[Annotator "NA RC"]
[PlyCount "37"]
[EventDate "2020.06.21"]
[EventType "swiss (blitz)"]

1. e4 {[%emt 0:00:02]} d5 {[%emt 0:00:00]} 2. Nf3 {[%emt 0:00:01]} dxe4 {[%emt 0:00:01]} 3. Ng5 {[%emt 0:00:01]} e5 {[%emt 0:00:01]} 4. Nxe4 {[%emt 0:00:02]} Bf5 {[%emt 0:00:01]} 5. d3 {[%emt 0:00:01]} Nc6 {[%emt 0:00:01]} 6. Nbc3 {[%emt 0:00:01]} Bb4 {[%emt 0:00:02]} 7. Bd2 {[%emt 0:00:02]} Nd4 {[%emt 0:00:01]} 8. a3 {[%emt 0:00:00]} Ba5 {[%emt 0:00:02]} 9. b4 {[%emt 0:00:01]} Bb6 {[%emt 0:00:01]} 10. Be3 {[%emt 0:00:02]} Nf6 {[%emt 0:00:03]} 11. Na4 {[%emt 0:00:01]} Bxe4 {[%emt 0:00:04]} 12. dxe4 {[%emt 0:00:02]} Nxe4 {[%emt 0:00:00]} 13. Nxb6 {[%emt 0:00:01]} axb6 {[%emt 0:00:01]} 14. Bd3 {[%emt 0:00:02]} Nc3 {[%emt 0:00:08]} 15. Qh5 {[%emt 0:00:05]} Qf6 {[%emt 0:00:07]} 16. O-O {[%emt 0:00:04]} Qg6 {[%emt 0:00:03]} 17. Bxg6 {[%emt 0:00:02]} fxg6 {[%emt 0:00:01]} 18. Qxe5+ {[%emt 0:00:01]} Ne6 {[%emt 0:00:01]} 19. Qxe6+ {[%emt 0:00:01] Konmos gibt auf (Lag: Av=0.83s, max=1.4s)} 1-0

[Event "Stay Safe Play From Home 242"]
[Site "Emanuel Lasker Arena"]
[Date "2020.06.21"]
[Round "5"]
[White "Watchel"]
[Black "Mandy"]
[Result "1-0"]
[WhiteElo "1524"]
[BlackElo "1000"]
[Annotator "NA RC"]
[PlyCount "37"]
[EventDate "2020.06.21"]
[EventType "swiss (blitz)"]

1. c4 {[%emt 0:00:02]} c6 {[%emt 0:00:03]} 2. e4 {[%emt 0:00:02]} Nf6 {[%emt 0:00:00]} 3. Nc3 {[%emt 0:00:02]} g6 {[%emt 0:00:00]} 4. Nf3 {[%emt 0:00:01]} Bg7 {[%emt 0:00:01]} 5. Be2 {[%emt 0:00:01]} O-O {[%emt 0:00:01]} 6. O-O {[%emt 0:00:00]} e6 {[%emt 0:00:03]} 7. d3 {[%emt 0:00:00]} d5 {[%emt 0:00:02]} 8. Bd2 {[%emt 0:00:00]} Qe7 {[%emt 0:00:02]} 9. e5 {[%emt 0:00:01]} Nfd7 {[%emt 0:00:05]} 10. d4 {[%emt 0:00:01]} c5 {[%emt 0:00:03]} 11. cxd5 {[%emt 0:00:02]} exd5 {[%emt 0:00:06]} 12. Be3 {[%emt 0:00:01]} Nb6 {[%emt 0:00:06]} 13. Qb3 {[%emt 0:00:03]} Qc7 {[%emt 0:00:04]} 14. Nxd5 {[%emt 0:00:01]} Nxd5 {[%emt 0:00:04]} 15. Qxd5 {[%emt 0:00:01]} Qd7 {[%emt 0:00:07]} 16. Qxd7 {[%emt 0:00:02]} Nxd7 {[%emt 0:00:03]} 17. dxc5 {[%emt 0:00:01]} Bxe5 {[%emt 0:00:06]} 18. Nxe5 {[%emt 0:00:00]} Nxe5 {[%emt 0:00:01]} 19. Bf4 {[%emt 0:00:01] Zeit} 1-0

[Event "Stay Safe Play From Home 242"]
[Site "Emanuel Lasker Arena"]
[Date "2020.06.21"]
[Round "6"]
[White "Mepe_Nika"]
[Black "Tvtower68"]
[Result "1-0"]
[WhiteElo "2361"]
[BlackElo "1774"]
[Annotator "NA RC"]
[PlyCount "33"]
[EventDate "2020.06.21"]
[EventType "swiss (blitz)"]

1. d4 {[%emt 0:00:01]} d5 {[%emt 0:00:01]} 2. Bf4 {[%emt 0:00:01]} c5 {[%emt 0:00:01]} 3. e3 {[%emt 0:00:01]} Nc6 {[%emt 0:00:01]} 4. c3 {[%emt 0:00:01]} Bf5 {[%emt 0:00:01]} 5. Nd2 {[%emt 0:00:02]} Nf6 {[%emt 0:00:01]} 6. Qb3 {[%emt 0:00:03]} Qc8 {[%emt 0:00:05]} 7. Ngf3 {[%emt 0:00:02]} Nh5 {[%emt 0:00:01]} 8. Be5 {[%emt 0:00:03]} Nxe5 {[%emt 0:00:01]} 9. Nxe5 {[%emt 0:00:00]} g6 {[%emt 0:00:01]} 10. Bb5+ {[%emt 0:00:02]} Kd8 {[%emt 0:00:09]} 11. Nxf7+ {[%emt 0:00:01]} Kc7 {[%emt 0:00:01]} 12. Nxh8 {[%emt 0:00:00]} Bg7 {[%emt 0:00:02]} 13. Nf7 {[%emt 0:00:01]} Qf8 {[%emt 0:00:02]} 14. Ne5 {[%emt 0:00:02]} Bxe5 {[%emt 0:00:01]} 15. dxe5 {[%emt 0:00:00]} Be6 {[%emt 0:00:02]} 16. O-O {[%emt 0:00:02]} d4 {[%emt 0:00:01]} 17. Qxe6 {[%emt 0:00:01] Tvtower68 resigns (Lag: Av=0.38s, max=0.6s)} 1-0

[Event "Stay Safe Play From Home 242"]
[Site "Emanuel Lasker Arena"]
[Date "2020.06.21"]
[Round "6"]
[White "SoulofWolf"]
[Black "Broken sword"]
[Result "0-1"]
[WhiteElo "2120"]
[BlackElo "2392"]
[Annotator "TA"]
[PlyCount "64"]
[EventDate "2020.06.21"]
[EventType "swiss (blitz)"]

{[%evp 9,64,0,10,-9,0,-12,0,-5,0,0,8,-1,0,0,-6,-17,-8,-14,-9,-8,0,0,0,-19,-16,-39,-35,-482,-487,-484,-458,-569,-486,-506,-498,-522,-520,-534,-486,-634,-573,-779,-504,-1376,-1367,-892,-889,-856,-788,-1556,-1145,-2585,-2577,-29989,-29990,-29992,-29992]} 1. Nf3 d5 2. c4 c6 3. e3 Nf6 4. cxd5 cxd5 5. d4 Nc6 6. Bb5 {D13: Slav Defence: Exchange variation without ...Bf5.} Bg4 {[#]} 7. h3 $146 ({Predecessor:} 7. Nc3 a6 8. Bxc6+ bxc6 9. Qa4 Qb6 10. Ne5 Bd7 11. O-O e6 12. Qc2 c5 13. dxc5 Qc7 {1-0 (37) Lewis,E (1911)-Erickson,L (1462) San Francisco 2016}) 7... Bxf3 8. Qxf3 {The position is equal.} e6 9. O-O Bd6 10. Nd2 Rc8 11. e4 dxe4 12. Nxe4 Nxe4 13. Qxe4 {Strongly threatening d5.} O-O 14. Be3 Ne7 {[%cal Bc6e7,Be7d5,Bd5f6][%mdl 32]} 15. Bd3 {[%csl Gd3][%cal Re4h7] [#]} g6 $1 16. Bg5 Qd7 17. Bf6 Nd5 18. Rae1 $2 {[%mdl 8192] This move loses the game for White.} ({Better is} 18. Be5 $15) 18... Nxf6 $19 19. Qf3 Nd5 20. a4 Bb4 21. Bb5 Qd6 22. Re4 a6 23. Bd3 Rcd8 24. Rh4 Qe7 25. Qg3 Qf6 {[#] White must now prevent ...Bd6.} 26. f4 (26. Re4 $142) 26... Qxd4+ 27. Kh2 Qg7 28. Rg4 Rfe8 29. f5 exf5 30. Bxf5 Bd6 31. Rgf4 Nxf4 32. Rxf4 gxf5 {Accuracy: White = 57%, Black = 85%.} 0-1

[Event "Stay Safe Play From Home 242"]
[Site "Emanuel Lasker Arena"]
[Date "2020.06.21"]
[Round "6"]
[White "Don59as"]
[Black "Bardellosport"]
[Result "0-1"]
[WhiteElo "2048"]
[BlackElo "2020"]
[Annotator "NA RC"]
[PlyCount "132"]
[EventDate "2020.06.21"]
[EventType "swiss (blitz)"]

1. c4 {[%emt 0:00:02]} d6 {[%emt 0:00:00]} 2. Nc3 {[%emt 0:00:01]} f5 {[%emt 0:00:01]} 3. g3 {[%emt 0:00:00]} Nf6 {[%emt 0:00:01]} 4. Bg2 {[%emt 0:00:00]} g6 {[%emt 0:00:00]} 5. e3 {[%emt 0:00:00]} Bg7 {[%emt 0:00:01]} 6. Nge2 {[%emt 0:00:00]} O-O {[%emt 0:00:01]} 7. O-O {[%emt 0:00:00]} e5 {[%emt 0:00:00]} 8. b3 {[%emt 0:00:00]} Qe7 {[%emt 0:00:00]} 9. Bb2 {[%emt 0:00:00]} Nc6 {[%emt 0:00:01]} 10. Nd5 {[%emt 0:00:01]} Nxd5 {[%emt 0:00:01]} 11. cxd5 {[%emt 0:00:00]} Nd8 {[%emt 0:00:01]} 12. d4 {[%emt 0:00:01]} e4 {[%emt 0:00:01]} 13. Nf4 {[%emt 0:00:01]} h6 {[%emt 0:00:01]} 14. Qd2 {[%emt 0:00:01]} Qf7 {[%emt 0:00:01]} 15. f3 {[%emt 0:00:02]} g5 {[%emt 0:00:01]} 16. Ne2 {[%emt 0:00:02]} exf3 {[%emt 0:00:01]} 17. Bxf3 {[%emt 0:00:01]} c6 {[%emt 0:00:02]} 18. dxc6 {[%emt 0:00:01]} Nxc6 {[%emt 0:00:00]} 19. d5 {[%emt 0:00:01]} Ne5 {[%emt 0:00:01]} 20. Bg2 {[%emt 0:00:00]} g4 {[%emt 0:00:01]} 21. Nd4 {[%emt 0:00:01]} Qg6 {[%emt 0:00:01]} 22. Rae1 {[%emt 0:00:03]} Bd7 {[%emt 0:00:01]} 23. e4 {[%emt 0:00:01]} Rae8 {[%emt 0:00:05]} 24. exf5 {[%emt 0:00:01]} Bxf5 {[%emt 0:00:00]} 25. Nxf5 {[%emt 0:00:01]} Rxf5 {[%emt 0:00:01]} 26. Rxf5 {[%emt 0:00:03]} Qxf5 {[%emt 0:00:00]} 27. Rf1 {[%emt 0:00:02]} Nf3+ {[%emt 0:00:02]} 28. Bxf3 {[%emt 0:00:01]} gxf3 {[%emt 0:00:00]} 29. Bxg7 {[%emt 0:00:01]} Kxg7 {[%emt 0:00:01]} 30. Qc3+ {[%emt 0:00:01]} Kg6 {[%emt 0:00:02]} 31. Qxf3 {[%emt 0:00:02]} Qxf3 {[%emt 0:00:01]} 32. Rxf3 {[%emt 0:00:01]} Re5 {[%emt 0:00:00]} 33. Rd3 {[%emt 0:00:01]} Kf5 {[%emt 0:00:01]} 34. a4 {[%emt 0:00:01]} Ke4 {[%emt 0:00:00]} 35. Rc3 {[%emt 0:00:02]} Kd4 {[%emt 0:00:01]} 36. Rc7 {[%emt 0:00:01]} Rxd5 {[%emt 0:00:01]} 37. Rxb7 {[%emt 0:00:01]} Ra5 {[%emt 0:00:01]} 38. Kg2 {[%emt 0:00:02]} d5 {[%emt 0:00:00]} 39. h4 {[%emt 0:00:01]} Ke3 {[%emt 0:00:01]} 40. g4 {[%emt 0:00:01]} d4 {[%emt 0:00:01]} 41. Re7+ {[%emt 0:00:01]} Kd2 {[%emt 0:00:01]} 42. Kf3 {[%emt 0:00:01]} d3 {[%emt 0:00:00]} 43. Rd7 {[%emt 0:00:01]} Kc2 {[%emt 0:00:01]} 44. Ke3 {[%emt 0:00:01]} Re5+ {[%emt 0:00:01]} 45. Kf4 {[%emt 0:00:00]} Re2 {[%emt 0:00:01]} 46. g5 {[%emt 0:00:01]} hxg5+ {[%emt 0:00:01]} 47. hxg5 {[%emt 0:00:00]} d2 {[%emt 0:00:01]} 48. g6 {[%emt 0:00:00]} d1=Q {[%emt 0:00:01]} 49. Rxd1 {[%emt 0:00:01]} Kxd1 {[%emt 0:00:00]} 50. Kf5 {[%emt 0:00:01]} Rb2 {[%emt 0:00:02]} 51. b4 {[%emt 0:00:00]} Rxb4 {[%emt 0:00:01]} 52. g7 {[%emt 0:00:00]} Rb8 {[%emt 0:00:01]} 53. a5 {[%emt 0:00:02]} a6 {[%emt 0:00:01]} 54. Kf6 {[%emt 0:00:00]} Kc2 {[%emt 0:00:01]} 55. Kf7 {[%emt 0:00:00]} Kb3 {[%emt 0:00:01]} 56. g8=Q {[%emt 0:00:00]} Rxg8 {[%emt 0:00:01]} 57. Kxg8 {[%emt 0:00:00]} Kb4 {[%emt 0:00:00]} 58. Kf7 {[%emt 0:00:00]} Kxa5 {[%emt 0:00:00]} 59. Ke6 {[%emt 0:00:00]} Kb4 {[%emt 0:00:00]} 60. Kd5 {[%emt 0:00:00]} Kb3 {[%emt 0:00:00]} 61. Kd4 {[%emt 0:00:00]} a5 {[%emt 0:00:00]} 62. Kd3 {[%emt 0:00:00]} a4 {[%emt 0:00:00]} 63. Kd2 {[%emt 0:00:01]} Kb2 {[%emt 0:00:00]} 64. Kd3 {[%emt 0:00:00]} a3 {[%emt 0:00:00]} 65. Kc4 {[%emt 0:00:00]} a2 {[%emt 0:00:00]} 66. Kb4 {[%emt 0:00:00]} a1=Q {[%emt 0:00:00] Don59as resigns (Lag: Av=0.40s, max=0.9s)} 0-1